The Development of Standard English 1300-1800: (Record no. 622742)

MARC details
000 -LEADER
fixed length control field 00516nam a22001697a 4500
008 - FIXED-LENGTH DATA ELEMENTS--GENERAL INFORMATION
fixed length control field 260507b |||||||| |||| 00| 0 eng d
020 ## - INTERNATIONAL STANDARD BOOK NUMBER
ISBN 978052177146
Paper back/Hardbound hbk
041 ## - LANGUAGE CODE
Language code of text/sound track or separate title eng
082 ## - DEWEY DECIMAL CLASSIFICATION NUMBER
Classification number 420.9 WRI
245 ## - TITLE STATEMENT
Title The Development of Standard English 1300-1800:
Sub Title Theories, Descriptions, Conflicts
Statement of responsibility, etc /Laura Wright;
260 ## - PUBLICATION, DISTRIBUTION, ETC. (IMPRINT)
Place of publication USA
Name of publisher Cambridge University Press
Year of publication 2000
490 ## - SERIES STATEMENT
Series statement Studies in English Language
504 ## - BIBLIOGRAPHY, ETC. NOTE
Bibliography, etc Includes index
650 ## - SUBJECT ADDED ENTRY--TOPICAL TERM
Topical Term English & Old English
942 ## - ADDED ENTRY ELEMENTS (KOHA)
Koha item type English Books
Holdings
Withdrawn status Lost status Damaged status Not for loan Home library Current library Shelving location Date acquired Full call number Accession Number Price effective from Koha item type
        Anna Centenary Library Anna Centenary Library 4TH FLOOR, B WING 27.08.2010 420.9 WRI 196044 07.05.2026 English Books

Find us on the map